书目信息 |
| 题名: |
时尚
|
|
| 作者: | 伏琳 , 吉尼·斯蒂芬·伏琳 著 ;王立非 译 | |
| 分册: | ||
| 出版信息: | 西安 陕西师范大学出版社 2003 |
|
| 页数: | 250页 | |
| 开本: | 28cm | |
| 丛书名: | ||
| 单 册: | ||
| 中图分类: | F407.86 | |
| 科图分类: | ||
| 主题词: | 服装工业--基本知识 | |
| 电子资源: | ||
| ISBN: | 7-5613-2591-6 | |
| 000 | 01363nam0 2200361 450 | |
| 000 | 01328nam0 2200349 450 | |
| 000 | 01291nam0 2200337 450 | |
| 000 | 01165nam0 2200325 450 | |
| 000 | 01128nam0 2200313 450 | |
| 000 | 01061nam0 2200289 450 | |
| 001 | 0104000022 | |
| 005 | 20061030082824.90 | |
| 010 | @a7-5613-2591-6@dCNY37.80 | |
| 100 | @a20050927d2003 em y0chiy0110 ea | |
| 101 | 1 | @achi@ceng |
| 102 | @aCN@b610000 | |
| 105 | @aa z 000yy | |
| 200 | 1 | @a时尚@Ashi shang@e从观念到消费者@f(美)吉尼·斯蒂芬·伏琳著@F(mei)ji ni·si di fen·fu lin zhu@g王立非等译 |
| 210 | @a西安@c陕西师范大学出版社@d2003 | |
| 215 | @a250页@c图, 照片@d28cm | |
| 306 | @a由陕西师范大学出版社和美国培生教育集团合作出版 | |
| 330 | @a本书按照时装工业运作的顺序,陈述时装从设计到被推向市场的全过程。它涉及原材料生产、服装制作、时装配饰以及销售时装的零售商店等方面。 | |
| 510 | 1 | @aFashion@eFrom Concept to Consumer@zeng |
| 517 | 1 | @a从观念到消费者@9cong guan nian dao xiao fei zhe |
| 606 | 0 | @a服装工业@x基本知识 |
| 690 | @aF407.86@v4 | |
| 701 | 1 | @a伏琳@9fu lin@b吉尼·斯蒂芬@4著 |
| 701 | 0 | @a吉尼·斯蒂芬·伏琳@Aji ni·si di fen·fu lin@4著 |
| 702 | 0 | @a王立非@9wang li fei@4译 |
| 801 | 0 | @aCN@b北京荣雅伟业图书经销中心@c20061030 |
| 905 | @dF407.86@aBZT@e1 | |
| 906 | @dCNY37.80@n0@r1 | |
| 时尚:从观念到消费者/(美)吉尼·斯蒂芬·伏琳著/王立非等译.-西安:陕西师范大学出版社,2003 |
| 250页:图, 照片;28cm |
| ISBN 7-5613-2591-6:CNY37.80 |
| 本书按照时装工业运作的顺序,陈述时装从设计到被推向市场的全过程。它涉及原材料生产、服装制作、时装配饰以及销售时装的零售商店等方面。 |
| ● |
| 相关链接 |
|
|
|
正题名:时尚
索取号:F407.86/1
 
预约/预借
| 序号 | 登录号 | 条形码 | 馆藏地/架位号 | 状态 | 备注 |
| 1 | 514221 | 230088863 | 中心书库北库/ 北库017架A面4列3层3/ [索取号:F407.86/1] | 在馆 | |
| 2 | 514222 | 230088865 | 中心书库北库/ 北库017架A面4列3层4/ [索取号:F407.86/1] | 在馆 | |
| 3 | 514223 | 230088867 | 中心书库北库/ 北库017架A面4列3层1/ [索取号:F407.86/1] | 在馆 | |
| 4 | 514224 | 230088869 | 中心书库北库/ 北库017架A面4列3层2/ [索取号:F407.86/1] | 在馆 | |
| 5 | 514225 | 230088998 | 中心书库北库/ 北库017架A面4列3层5/ [索取号:F407.86/1] | 在馆 |